| 000 | 00000nam##2200000za#4500 |
| 001 | 9.641022 |
| 003 | CaOODSP |
| 005 | 20250403105348 |
| 007 | cr ||||||||||| |
| 008 | 150407|1999||||xxc|||||o f|0| 0 fre|d |
| 040 | |aCaOODSP|bfre |
| 043 | |an-cn--- |
| 086 | 1 |aCS92-371/1999F-PDF |
| 245 | 00|aÉchantillonnage et pondération |h[ressource électronique] |
| 246 | 1 |iDeuxième titre de série imprimé sur la couverture : |aRapports techniques du recensement de 1996 |
| 260 | |aOttawa - Ontario : |bStatistique Canada |c1999. |
| 500 | |aPublication du recensement historique numérisé par Statistique Canada. |
| 590 | |a12-44-Supp|b2012-12-13 |
| 710 | 2 |aStatistique Canada. |
| 775 | 08|tSampling and weighting |w(CaOODSP)9.696943 |
| 856 | 40|ahttp://publications.gc.ca|qPDF|s2723 Ko|uhttps://publications.gc.ca/collections/collection_2012/statcan/rh-hc/CS92-371-1999-fra.pdf |